00853 2200277 4500001002100000005001700021008004100038020002200079035002400101040001200125041000800137082001800145084001800163090002200181100001900203245012300222250001100345260005100356300003600407504003100443650002300474650002000497700002400517850001200541990002200553INLIS00000000003387520180221142417.0  a978-602-386-128-6 0010-021800000000601 aYOPDYOG aind042[23]a307.336 a307.336 Lut P aDEP 307.336 Lut P0 aLUTFI MUTA'ALI0 aPerkembangan program penanganan permukiman kumuh di Indonesia dari masa ke masac/ Lutfi Muta'ali, Arif Rahman Nugroho aCet. 1 aYogyakartabGadjah Mada University Pressc2016 axi, 154 hlm.b: ilus.c; 23 cm. aBibliografi : hlm. 145-153 4aPemukiman penduduk 4aPemukiman kumuh0 aARIF RAHMAN NUGROHO aYOPDYOG aCB-D.11/2016-2604